MARC

Tag First Indicator Second Indicator Subfields
LEADER 00000cam a2200000 i 4500
001 in00004635794
006 m o d
007 cr |||||||||||
008 210922s2021 gaua obt s001 0 eng d
005 20230103223539.9
035 |a (OCoLC)on1268931515 
040 |a GUA  |b eng  |e rda  |e pn  |c GUA  |d OCLCO  |d OCLCF  |d JSTOR  |d P@U  |d OCLCQ  |d OCLCO 
020 |a 9780820360010  |q (ebook) 
020 |a 0820360015  |q (ebook) 
020 |z 9780820360027  |q (hardcover) 
020 |z 9780820360034  |q (paperback) 
035 |a (OCoLC)1268931515 
037 |a 22573/ctv21c1wkn  |b JSTOR 
043 |a n-us-ga 
050 4 |a F295.S1  |b S9 2021 
072 7 |a HIS  |x 036120  |2 bisacsh 
082 0 4 |a 975.872 
049 |a TXAM 
100 1 |a Strobel, P. A.  |q (Philip A.),  |e author. 
245 1 4 |a The Salzburgers and their descendants /  |c by P.A. Strobel, with foreword, appendix, and index by Edward D. Wells, Sr. ; with a new foreword by Russell C. Kleckley. 
264 1 |a Athens :  |b University of Georgia Press,  |c 2021. 
300 |a 1 online resource (xiii, 318 pages) :  |b illustrations 
336 |a text  |b txt  |2 rdacontent 
337 |a computer  |b c  |2 rdamedia 
338 |a online resource  |b cr  |2 rdacarrier 
504 |a Includes bibliographical references and index. 
500 |a Reproduction of original ed. with t.p. reading: The Salzburgers and their descendants; being the history of a colony of German (Lutheran) Protestants, who emigrated to Georgia in 1734, and settled at Ebenezer ... Baltimore, T. Newton, Kurtz, 1855. 
536 |a The Georgia Open History Library has been made possible in part by a major grant from the National Endowment for the Humanities: Democracy demands wisdom. Any views, findings, conclusions, or recommendations expressed in this collection, do not necessarily represent those of the National Endowment for the Humanities. 
588 0 |a Online resource; title from PDF title page (viewed July 15, 2021) 
650 0 |a Salzburgers  |z Georgia. 
651 0 |a Ebenezer (Effingham County, Ga.)  |x History. 
650 6 |a Salzbourgeois  |z Géorgie (État) 
650 7 |a HISTORY  |z United States  |x State & Local  |x South (AL, AR, FL, GA, KY, LA, MS, NC, SC, TN, VA, WV)  |2 bisacsh 
650 7 |a Salzburgers.  |2 fast  |0 (OCoLC)fst01104474 
651 7 |a Georgia.  |2 fast  |0 (OCoLC)fst01204622 
651 7 |a Georgia  |z Ebenezer (Effingham County)  |2 fast  |0 (OCoLC)fst01314295 
655 7 |a Electronic books.  |2 local 
655 7 |a History.  |2 fast  |0 (OCoLC)fst01411628 
700 1 |a Wells, Edward D.,  |c Sr.,  |e writer of foreword. 
700 1 |a Kleckley, Russell C.,  |e writer of foreword. 
710 2 |a JSTOR (Organization) 
856 4 0 |u https://www.jstor.org/stable/10.2307/j.ctv21d62r9  |z Connect to the full text of this electronic book  |t 0 
955 |a JSTOR Open Access ebooks 
994 |a 92  |b TXA 
999 f f |s ed2d70f3-d132-43ac-ac02-abcb09a16841  |i 9f497efa-a097-412e-8d36-9a5aa2b73393  |t 0 
952 f f |a Texas A&M University  |b College Station  |c Electronic Resources  |d Available Online  |t 0  |e F295.S1 S9 2021  |h Library of Congress classification 
998 f f |a F295.S1 S9 2021  |t 0  |l Available Online